LDR 00787naa#a2200169#i#450# 001 EN\\bibl\123380 005 20260706015046.1 011 ## _a1994-4683 100 ## _a20230731b2023####ek#y0engy0150####ca 102 ## _aRU 200 1# _aCROSSFIT AS AN EFFECTIVE MEANS OF MILITARY-APPLIED PHYSICAL TRAINING OF STUDENTS _eJournal article 210 1# _aMoscow _cNational State University of Physical Education, Sports and Health named after P.F. Lesgaft _d2023 215 ## _a3 с. 608 ## _aJournal article _2local 675 ## _aМетодика физического воспитания. Пути и средства физического воспитания. Учебные заведения физической культуры. 796.011.3 _z 700 #1 _aZiambetov _gV YU 856 4# _auchzapiski.lesgaft.spb.ru _u